El Drac nyam-nyam / text: Marga Serra i Mercè Almirall ; il·lustracions: Montse Bosch Marga Serra i Mercè Almirall ; il·lustracions:
Descripción Física:
1 carpeta amb 2 quaderns (37, 31 p.) : il. col. ; 30 cm
MARC
| LEADER | 00000nam a2200000Ia 4500 | ||
|---|---|---|---|
| 001 | 20741 | ||
| 008 | 160829s2007 xx 000 0 cat d | ||
| 080 | |a C-3-111 | ||
| 100 | |a Serra Alias, Marga |9 39827 | ||
| 245 | |a El Drac nyam-nyam / text: |b Marga Serra i Mercè Almirall ; il·lustracions: |b Montse Bosch | ||
| 260 | |a Barcelona : |b Diputació de Barcelona. Àrea de Salut Pública i Consum, |c 2007 | ||
| 300 | |a 1 carpeta amb 2 quaderns (37, 31 p.) : |b il. col. ; |c 30 cm | ||
| 590 | |a Conté: v. 1: Quadern de treball dels educadors; v. 2: Conte... i activitats didàctiques | ||
| 650 | |a Aliments |x Consum |x Educació primària |9 39828 | ||
| 650 | |a Aliments |x Mesures de seguretat |x Educació primària |9 39829 | ||
| 700 | |a Almirall i Hill, Mercè |9 39830 | ||
| 700 | 1 | |a Bosch, Montse |9 39831 | |
| 710 | |a Barcelona (Catalunya : Província). |b Àrea de Salut Pública i Consum |9 7348 | ||
| 901 | |a Arxiu | ||
| 942 | |n 1 | ||
| 952 | |0 0 |1 0 |4 0 |6 C3111 |7 1 |9 49252 |a Arxiu |b Arxiu |d 2016-12-01 |l 0 |o C-3-111 |p 20741 |r 2016-12-01 00:00:00 |w 2016-12-01 |y ARXIU | ||
| 999 | |c 53092 |d 53092 | ||